000
00275nam a2200121Ia 4500
008
220204s9999 xx 000 0 und d
082
_a
301
_b
VER
100
_a
Vernon, G M
245
0
_a
Human interactions
250
_a
Ed.2
260
_a
New York
_b
Ronald
_c
1972
942
_c
BK
999
_c
29183
_d
29183